Loading...
| Geography | 0 | 3 | 0 | 0 | 30 | 68 | 74.33 | 1 | 1 | 18.71 | 37.78 |
| Fine Arts - Other | 0 | 3 | 0 | 1 | 30 | 59 | 95.33 | 1 | 1 | 5.17 | 14.44 |
| Science - Other | 0 | 3 | 0 | 0 | 30 | 9 | 40.00 | 1 | 2 | 20.12 | 25.56 |
| Current Events | 0 | 2 | 0 | 0 | 20 | 49 | 69.50 | 1 | 1 | 14.41 | 31.11 |
| Popular Culture | 0 | 2 | 0 | 0 | 20 | 28 | 52.00 | 0 | 1 | 22.35 | 31.11 |
| Social Science | 0 | 2 | 0 | 0 | 20 | 58 | 73.50 | 0 | 0 | 8.94 | 9.52 |
| History - American | 0 | 2 | 1 | 0 | 15 | 30 | 39.50 | 0 | 2 | 12.56 | 14.44 |
| Literature - American | 0 | 1 | 0 | 0 | 10 | 91 | 91.00 | 0 | 0 | 2.29 | 3.33 |
| Literature - European | 0 | 1 | 0 | 0 | 10 | 86 | 86.00 | 0 | 0 | 2.83 | 3.33 |
| Fine Arts - Painting and Sculpture | 0 | 1 | 0 | 0 | 10 | 58 | 58.00 | 0 | 0 | 5.43 | 6.67 |
| History - European | 0 | 1 | 0 | 0 | 10 | 66 | 66.00 | 0 | 0 | 3.53 | 3.33 |